Profissionalização na agricultura familiar e desenvolvimiento rural local /

En el presente artículo se procura problematizar las actuaciones de dos sindicatos brasileños, identificando algunas posturas sindicales recurrentes con respecto a las innovaciones tecnológicas y organizaciones del trabajo.

Gardado en:
Detalles Bibliográficos
Autor Principal: Gehlen, Ivaldo
Formato: Texto
Materias:
Etiquetas: Engadir etiqueta
Sen Etiquetas, Sexa o primeiro en etiquetar este rexistro!

MARC

LEADER 00000 a a2200000 04500
001 42399
003
040
100 |a Gehlen, Ivaldo  
245 |a Profissionalização na agricultura familiar e desenvolvimiento rural local /  |c Ivaldo Gehlen  
520 |a En el presente artículo se procura problematizar las actuaciones de dos sindicatos brasileños, identificando algunas posturas sindicales recurrentes con respecto a las innovaciones tecnológicas y organizaciones del trabajo.  
590 |a RRA/DICIEMBRE2011  
650 |a 1.NUEVA TECNOLOGIA  
650 |a 2.ORGANIZACIONES DE TRABAJADORES  
650 |a 3.SINDICATOS  
650 |a 4.BRASIL  
773 |g páginas 261-275  
999 |c 27206  |d 27206